University chemistry . (Record no. 1419)

MARC details
000 -LEADER
fixed length control field 01082nac a22002771i 4500
003 - CONTROL NUMBER IDENTIFIER
control field EG-ScBUE
005 - DATE AND TIME OF LATEST TRANSACTION
control field 20250702081958.0
008 - FIXED-LENGTH DATA ELEMENTS--GENERAL INFORMATION
fixed length control field 250629t1996 ii a f 001 0 eng d
020 ## - INTERNATIONAL STANDARD BOOK NUMBER
International Standard Book Number 8122409555
040 ## - CATALOGING SOURCE
Original cataloging agency EG-ScBUE
Language of cataloging eng
Description conventions rda
Transcribing agency EG-ScBUE
Modifying agency EG-ScBUE
082 04 - DEWEY DECIMAL CLASSIFICATION NUMBER
Classification number 540
Item number UNI
Edition number 22
245 00 - TITLE STATEMENT
Title University chemistry .
Number of part/section of a work Volume 2 ,
Name of part/section of a work Syllabus of B.Sc. II Year : theory and practicals /
Statement of responsibility, etc G. Parameswara Murthy, M.Sc., Ph.D., University College of Engineering, Osmania University, Hyderabad, [and three others]
246 30 - VARYING FORM OF TITLE
Title proper/short title Syllabus of B.Sc. II Year :
Remainder of title theory and practicals
264 #1 - PUBLICATION, DISTRIBUTION, ETC. (IMPRINT)
Place of publication, distribution, etc New Delhi :
Name of publisher, distributor, etc New Age International Pvt. Ltd.,
Date of publication, distribution, etc [1996]
264 #4 - PUBLICATION, DISTRIBUTION, ETC. (IMPRINT)
Date of publication, distribution, etc c1996
300 ## - PHYSICAL DESCRIPTION
Extent 631 pages :
Other physical details illustrations ;
Dimensions 24 cm
336 ## - CONTENT TYPE
Source rdacontent
Content type term text
Content type code txt
337 ## - MEDIA TYPE
Media type term unmediated
Source rdamedia
Media type code n
338 ## - CARRIER TYPE
Carrier type term volume
Carrier type code nc
Source rdacarrier
500 ## - GENERAL NOTE
General note Includes Appendices.<br/>
500 ## - GENERAL NOTE
General note Based on common core syllabus of universities of Andhra Pradesh.
650 #7 - SUBJECT ADDED ENTRY--TOPICAL TERM
Topical term or geographic name as entry element Chemistry.
Source of heading or term BUEsh
655 ## - INDEX TERM--GENRE/FORM
Form subdivision Reading book
700 1# - ADDED ENTRY--PERSONAL NAME
Personal name Murthy, G. Parameswara,
Relator term author.
942 ## - ADDED ENTRY ELEMENTS (KOHA)
Koha item type Book - Borrowing
Source of classification or shelving scheme Dewey Decimal Classification
Holdings
Withdrawn status Lost status Source of classification or shelving scheme Damaged status Not for loan Home library Current library Shelving location Date acquired Source of acquisition Cost, normal purchase price Total Checkouts Full call number Barcode Date last seen Cost, replacement price Koha item type
    Dewey Decimal Classification     Central Library Central Library First floor 06/09/2010 Purchase 80.00   540 UNI 000003028 15/07/2025 100.00 Book - Borrowing